000 00790cam a2200277 4500
008 090401t1994 xxu||||| |||| 00| 0 eng d
020 _a0874207436
035 _a(Sirsi) u78662
041 _aeng
050 _a711.1
100 _aBurchell, Robert W.
245 _aDevelopment impact assessment handbook.
260 _aWashington, DC
_bUrban Land Institute
_c1994
300 _ax,326p. ; 30cm.
350 _a89.95
650 _aDEVELOPMENT IMPACT ANALYSIS
650 _aENVIRONMENTAL IMPACT ANALYSIS
650 _aIMPACT ASSESSMENT
690 _aPLANNING LAW AND PRACTICE
700 _aListokin, David
700 _aDolphin, William R.
710 _aUrban Land Institute
_93094
710 _aCentre for Urban Policy Research
_93486
942 _n0
948 _c30/05/1997
999 _c96467
_d96467